UM Logo
Normal view MARC view
  • Computer programming.

Entry Topical Term

Number of records used in: 1

001 - CONTROL NUMBER

  • control field: 53848

003 - CONTROL NUMBER IDENTIFIER

  • control field: OSt

005 - DATE AND TIME OF LATEST TRANSACTION

  • control field: 20240301134646.0

008 - FIXED-LENGTH DATA ELEMENTS

  • fixed length control field: 240301|| aca||aabn | a|a d

040 ## - CATALOGING SOURCE

  • Original cataloging agency: OSt
  • Transcribing agency: OSt

150 ## - HEADING--TOPICAL TERM

  • Topical term or geographic name entry element: Computer programming.

670 ## - SOURCE DATA FOUND

  • Source citation: Work cat.: (OSt)19449: Minnick, Chris. 53728, Coding all-in-one for dummies /, ©2022.